| 000 | 01548cam a22003737a 4500 | ||
|---|---|---|---|
| 001 | 13748311 | ||
| 003 | ARRUPE | ||
| 005 | 20150225020006.0 | ||
| 008 | 041012s2005 cau b 000 0 eng d | ||
| 010 | _a 2004114955 | ||
| 020 | _a0898709636 (pbk.) | ||
| 035 | _a(CStRLIN)PATGB2832304X-B | ||
| 035 | _a(PPT)b2832304x | ||
| 040 |
_aOCO _cOCO _dOCL _dAAB _dBAKER _dODC _dPPT _dDLC |
||
| 041 | 1 |
_ager _heng |
|
| 042 | _alccopycat | ||
| 050 | 0 | 0 |
_aBR50 _b.B43513 2005 |
| 082 | 0 | 0 |
_a282 _222 |
| 100 | 0 |
_aBenedict _bXVI, _cPope, _d1927- _91127 |
|
| 240 | 0 | 0 |
_aWeg gemeinschaft des glaubens: Kirch als communio. _lEnglish. |
| 245 | 1 | 0 |
_aPilgrim fellowship of faith : _bthe Church as communion / _cJoseph Cardinal Ratzinger ; edited by Stephan Otto Horn and Vinzenz Pfnür ; translated by Henry Taylor. |
| 260 |
_aSan Francisco, Calif. : _bIgnatius Press, _cc2005. |
||
| 300 |
_a381 p. ; _c21 cm. |
||
| 500 | _aTitle of the German original: Weg Gemeinschaft des Glaubens: Kirche als Communio. c2002 by Sankt Ulrich Verlag GmbH, Augsburg. | ||
| 504 | _aIncludes bibliographical references (p. 301-379). | ||
| 650 | 0 |
_aChristianity. _91128 |
|
| 650 | 0 |
_aTheology. _91129 |
|
| 700 | 1 |
_aHorn, Stephan Otto. _91130 |
|
| 700 | 1 |
_aPfnür, Vinzenz. _91131 |
|
| 700 | 1 |
_aTaylor, Henry. _91132 |
|
| 906 |
_a7 _bcbc _ccopycat _d2 _eepcn _f20 _gy-gencatlg |
||
| 942 |
_2lcc _cMONOGRAPH _01 |
||
| 999 |
_c118010 _d118010 |
||